[Event "4NCL 2023-24"]
[Site "England ENG"]
[Date "2023.11.11"]
[Round "1.3"]
[Board "6"]
[White "Durak, Can"]
[Black "Greet, Andrew N"]
[Result "1/2-1/2"]
[WhiteTitle "FM"]
[BlackTitle "IM"]
[WhiteElo "2450"]
[BlackElo "2408"]
[WhiteTeam "Wood Green Youth"]
[BlackTeam "Wood Green"]
[WhiteFideId "44552971"]
[BlackFideId "405817"]
[EventDate "2023.11.11"]

1. d4 e6 2. c4 f5 3. g3 Nf6 4. Bg2 d5 5. Nh3 Bd6 6. O-O O-O 7. Qc2 c6 8. Nd2 b6
9. Nf3 Ba6 10. cxd5 cxd5 11. Bf4 h6 12. Rfc1 g5 13. Bxd6 Qxd6 14. Ne5 Nbd7 15.
Qa4 Bb7 16. f4 g4 17. Nf2 a6 18. e3 Rfc8 19. Bf1 h5 20. Nfd3 Kg7 21. Qb3 Rxc1
22. Rxc1 Rc8 23. Rxc8 Bxc8 24. Nxd7 Nxd7 25. Qc2 Bb7 26. Ne5 Nxe5 27. fxe5 Qd7
28. b4 Qc8 29. Qxc8 Bxc8 30. a4 a5 31. bxa5 1/2-1/2

[Event "4NCL 2023-24"]
[Site "England ENG"]
[Date "2023.11.11"]
[Round "1.3"]
[Board "7"]
[White "Arakhamia-Grant, Ketevan"]
[Black "O'Donnell, Conor"]
[Result "1-0"]
[WhiteTitle "GM"]
[BlackTitle "FM"]
[WhiteElo "2290"]
[BlackElo "2284"]
[WhiteTeam "Wood Green"]
[BlackTeam "Wood Green Youth"]
[WhiteFideId "13600168"]
[BlackFideId "2504243"]
[EventDate "2023.11.11"]

1. e4 e6 2. d4 d5 3. e5 c5 4. c3 Nc6 5. Nf3 Bd7 6. Be2 f6 7. O-O fxe5 8. Nxe5
Nxe5 9. dxe5 Ne7 10. Re1 Qc7 11. a4 O-O-O 12. Bf1 Nc6 13. Na3 a6 14. b4 cxb4 15.
Nb5 axb5 16. axb5 bxc3 17. Be3 b6 18. bxc6 Bxc6 19. Bd4 Bb4 20. Qb3 Ba5 21. Rec1
Kd7 22. Bxc3 Rb8 23. Bd4 Qb7 24. Qa3 Rhc8 25. Qd6+ Ke8 26. Qxe6+ Kd8 27. Qd6+
Ke8 28. e6 1-0

[Event "4NCL 2023-24"]
[Site "England ENG"]
[Date "2023.11.11"]
[Round "1.3"]
[Board "8"]
[White "Grigoryan, Meri"]
[Black "Haydon, David L"]
[Result "1/2-1/2"]
[WhiteTitle "WFM"]
[BlackTitle "FM"]
[WhiteElo "1977"]
[BlackElo "2241"]
[WhiteTeam "Wood Green Youth"]
[BlackTeam "Wood Green"]
[WhiteFideId "13300571"]
[BlackFideId "415405"]
[EventDate "2023.11.11"]

1. d4 Nf6 2. Nf3 e6 3. c4 Bb4+ 4. Bd2 Be7 5. Nc3 d5 6. Bg5 Nbd7 7. e3 O-O 8. Bd3
dxc4 9. Bxc4 c5 10. O-O Nb6 11. Be2 Nbd5 12. Nxd5 Nxd5 13. Bxe7 Qxe7 14. dxc5
Qxc5 15. Rc1 Qb6 16. Qd4 Bd7 17. Qxb6 axb6 18. Ne5 Rfd8 19. Nxd7 Rxd7 20. Rfd1
Kf8 21. a3 Rb8 22. g3 Rc7 23. Bf3 Rd7 24. Bxd5 exd5 25. e4 Ke7 26. Rxd5 Rxd5 27.
exd5 Kd6 28. Rc3 Re8 29. Kg2 Re7 30. Rb3 Kc5 31. d6 Rd7 32. Rc3+ Kd5 33. Rd3+
Kc4 34. Rc3+ Kd5 1/2-1/2

[Event "4NCL 2023-24"]
[Site "England ENG"]
[Date "2023.11.11"]
[Round "1.4"]
[Board "1"]
[White "Kirk, Ezra"]
[Black "Cherniaev, Alexander"]
[Result "1/2-1/2"]
[WhiteTitle "IM"]
[BlackTitle "GM"]
[WhiteElo "2407"]
[BlackElo "2375"]
[WhiteTeam "Cheddleton"]
[BlackTeam "Barnet Knights A"]
[WhiteFideId "600067"]
[BlackFideId "4117301"]
[EventDate "2023.11.11"]

1. e4 Nc6 2. d4 d5 3. Nc3 dxe4 4. Bb5 Bd7 5. d5 Ne5 6. Qd4 Ng6 7. h4 Bxb5 8.
Nxb5 a6 9. Nc3 e5 10. Qxe4 Nf6 11. Qc4 h6 12. a4 Bd6 13. Nge2 Qd7 14. f3 Ne7 15.
Bd2 O-O 16. g4 c6 17. dxc6 Qxc6 18. Qxc6 Nxc6 19. g5 Nh5 20. gxh6 g6 21. Ne4 Be7
22. O-O-O Rfd8 23. Bg5 f6 24. Be3 Bf8 25. N2g3 Nxg3 26. Nxg3 Nd4 27. h5 Nf5 28.
Nxf5 gxf5 29. Rdg1+ Kh7 30. Rg6 Rd6 31. Bc5 Rd7 32. Bxf8 Rxf8 33. Rhg1 Rd4 34.
a5 Ra4 35. Rg7+ Kxh6 36. R1g6+ Kxh5 37. Rg2 Kh6 38. R2g6+ Kh5 39. Rg2 Kh6 40.
Rxb7 Ra1+ 41. Kd2 Rd8+ 42. Ke3 1/2-1/2

[Event "4NCL 2023-24"]
[Site "England ENG"]
[Date "2023.11.11"]
[Round "1.4"]
[Board "2"]
[White "Rocco, Federico"]
[Black "Pert, Richard G"]
[Result "1/2-1/2"]
[BlackTitle "IM"]
[WhiteElo "2161"]
[BlackElo "2411"]
[WhiteTeam "Barnet Knights A"]
[BlackTeam "Cheddleton"]
[WhiteFideId "431362"]
[BlackFideId "404748"]
[EventDate "2023.11.11"]

1. e4 c6 2. Nc3 d5 3. Nf3 dxe4 4. Nxe4 Nf6 5. Nxf6+ exf6 6. d4 Bd6 7. Be2 O-O 8.
O-O Re8 9. Be3 Nd7 10. c4 Nf8 11. d5 c5 12. Re1 Qc7 13. h3 Ng6 14. Bd3 Bd7 15.
Qc2 b6 16. Bd2 Bf4 17. Rxe8+ Rxe8 18. Re1 Rxe1+ 19. Bxe1 Qc8 20. Qe2 Kf8 21. Bd2
Bd6 22. b3 Qb8 23. Qe4 h6 24. Nh4 Nxh4 25. Qxh4 Bh2+ 26. Kh1 Be5 27. Qe4 f5 28.
Qe2 Qd6 29. Qf3 Qf6 30. Bf4 g5 31. Bxe5 Qxe5 32. Qe2 Qd4 33. Qc2 Qa1+ 34. Qb1
Qe5 35. Qc2 Qa1+ 36. Qb1 Qe5 37. Qc2 1/2-1/2

[Event "4NCL 2023-24"]
[Site "England ENG"]
[Date "2023.11.11"]
[Round "1.4"]
[Board "3"]
[White "Hebden, Mark L"]
[Black "Badacsonyi, Frankie"]
[Result "1-0"]
[WhiteTitle "GM"]
[WhiteElo "2386"]
[BlackElo "2160"]
[WhiteTeam "Cheddleton"]
[BlackTeam "Barnet Knights A"]
[WhiteFideId "400084"]
[BlackFideId "460400"]
[EventDate "2023.11.11"]

1. d4 d5 2. Nf3 Nf6 3. c4 c6 4. e3 Bf5 5. cxd5 cxd5 6. Qb3 Qc7 7. Bd2 a6 8. Nc3
e6 9. Be2 Nc6 10. O-O Bd6 11. Rfc1 O-O 12. h3 Ne4 13. Nxe4 Bxe4 14. Ne5 Bxe5 15.
dxe5 Qe7 16. f3 Bg6 17. Qb6 Rfc8 18. Bc3 Qc7 19. Qxc7 Rxc7 20. Bb4 Rcc8 21. Bd6
f6 22. exf6 gxf6 23. Rc5 Na7 24. Rac1 Rxc5 25. Rxc5 Rc8 26. Rxc8+ Nxc8 27. Bc5
Kf7 28. g4 Ke8 29. h4 Kd7 30. Kf2 Bb1 31. a3 Nd6 32. Ke1 Kc6 33. Bd4 e5 34. Bc3
Nb5 35. Kd2 Nxc3 36. Kxc3 h6 37. Kb4 Kb6 38. f4 a5+ 39. Kc3 Kc5 40. Bd1 Bh7 41.
Ba4 d4+ 42. exd4+ exd4+ 43. Kd2 Bg6 44. Bc2 Bf7 45. h5 Bg8 46. Bf5 b5 47. g5
fxg5 48. fxg5 hxg5 49. h6 b4 50. a4 b3 51. Kd3 Bc4+ 52. Ke4 Bd5+ 53. Ke5 Bg8 54.
Bd3 Kb4 55. Kxd4 g4 56. h7 Bxh7 57. Bxh7 g3 58. Be4 Kxa4 59. Kc5 g2 60. Bc6# 1-0

[Event "4NCL 2023-24"]
[Site "England ENG"]
[Date "2023.11.11"]
[Round "1.4"]
[Board "4"]
[White "Badacsonyi, Stanley"]
[Black "Pert, Nicholas"]
[Result "0-1"]
[BlackTitle "GM"]
[WhiteElo "2196"]
[BlackElo "2527"]
[WhiteTeam "Barnet Knights A"]
[BlackTeam "Cheddleton"]
[WhiteFideId "486973"]
[BlackFideId "403989"]
[EventDate "2023.11.11"]

1. d4 d5 2. Nc3 Nf6 3. Bf4 e6 4. Nb5 Na6 5. e3 Be7 6. Nf3 O-O 7. Bd3 c6 8. Nc3
c5 9. Bxa6 bxa6 10. Ne5 Bd7 11. O-O Be8 12. Re1 Rc8 13. dxc5 Bxc5 14. Nd3 Bb6
15. Be5 Ba5 16. f3 Qe7 17. e4 dxe4 18. fxe4 Bc6 19. a3 Bxc3 20. Bxc3 Nxe4 21.
Bb4 Qg5 22. Qc1 Qxc1 23. Raxc1 Rfd8 24. Ne5 Bb7 25. c4 f6 26. Ng4 Rd4 27. Ne3
Rcd8 28. c5 Rc8 29. Rc4 Rcd8 30. Rxd4 Rxd4 31. Rc1 Kf7 32. Nc4 Rd8 33. Na5 Bd5
34. c6 Rc8 35. c7 Ke8 36. Nc4 Rxc7 37. Nd6+ Kd7 38. Rxc7+ Kxc7 39. Nxe4 Bxe4 40.
Bc5 Kc6 41. Bxa7 Kb5 42. Bd4 a5 43. Bc3 a4 44. Kf2 Kc4 45. g3 Kd3 46. Bb4 Bd5
47. Bf8 g6 48. Bg7 f5 49. Bc3 Ke4 50. Ke2 e5 51. Kf2 g5 52. Ke2 f4 53. Kf2 Kf5
54. Bb4 e4 55. Bc5 e3+ 56. Ke1 Ke4 57. Be7 f3 0-1

[Event "4NCL 2023-24"]
[Site "England ENG"]
[Date "2023.11.11"]
[Round "1.4"]
[Board "5"]
[White "Zwirs, Nico"]
[Black "Mirzoeva, Elmira"]
[Result "1-0"]
[WhiteTitle "IM"]
[BlackTitle "WGM"]
[WhiteElo "2480"]
[BlackElo "2250"]
[WhiteTeam "Cheddleton"]
[BlackTeam "Barnet Knights A"]
[WhiteFideId "1036432"]
[BlackFideId "4127951"]
[EventDate "2023.11.11"]

1. e4 c6 2. d4 d5 3. exd5 cxd5 4. Nf3 Nc6 5. Bb5 Nf6 6. O-O e6 7. Re1 Be7 8. c3
O-O 9. Nbd2 Qc7 10. Ne5 Nxe5 11. dxe5 Nd7 12. Nf3 f6 13. Bxd7 Bxd7 14. exf6 Bxf6
15. Be3 Be8 16. Qd2 Bf7 17. Bd4 Rae8 18. Be5 Bxe5 19. Nxe5 Re7 20. Re3 Be8 21.
Rae1 Qb6 22. Rg3 Kh8 23. Ree3 Rf6 24. Ref3 Bh5 25. Rxf6 gxf6 26. Qh6 1-0

[Event "4NCL 2023-24"]
[Site "England ENG"]
[Date "2023.11.11"]
[Round "1.4"]
[Board "6"]
[White "Villiers, Thomas"]
[Black "Eggleston, David J"]
[Result "1/2-1/2"]
[WhiteTitle "CM"]
[BlackTitle "IM"]
[WhiteElo "2225"]
[BlackElo "2341"]
[WhiteTeam "Barnet Knights A"]
[BlackTeam "Cheddleton"]
[WhiteFideId "427209"]
[BlackFideId "412120"]
[EventDate "2023.11.11"]

1. e4 e6 2. d4 d5 3. Nc3 Nf6 4. Bg5 dxe4 5. Nxe4 Nbd7 6. Nf3 h6 7. Nxf6+ Nxf6 8.
Bh4 c5 9. Bb5+ Bd7 10. Bxd7+ Qxd7 11. dxc5 Qxd1+ 12. Rxd1 Bxc5 13. Bxf6 gxf6 14.
Rd3 Ke7 15. Ke2 Bd6 16. Rhd1 Rad8 17. Nd4 a6 18. Nb3 Be5 19. Na5 Rxd3 20. Rxd3
Rc8 21. c3 f5 22. Nxb7 Rb8 23. Nc5 Rxb2+ 24. Rd2 Rb5 25. Nxa6 Bxc3 26. Rc2 Be5
27. a4 Ra5 28. Rc5 Rxa6 29. Rxe5 Rxa4 30. Rb5 Kf6 31. g3 e5 32. Kf3 f4 33. Rb6+
Kg7 34. Rb7 Kg6 35. Kg2 h5 36. Rb8 fxg3 37. hxg3 h4 38. gxh4 Rxh4 39. Kf3 Kf5
40. Rf8 f6 41. Ke3 Ra4 42. Kf3 Ra3+ 43. Kg2 e4 44. Rb8 Kf4 45. Rb6 f5 46. Rb8
Ra2 47. Re8 Re2 48. Ra8 Rb2 49. Re8 Rb7 50. Rg8 Rh7 51. Rg3 Ke5 52. Ra3 Rg7+ 53.
Kf1 Rd7 54. f3 Kf4 55. fxe4 fxe4 56. Ke2 Rh7 57. Rb3 Rh2+ 58. Ke1 e3 59. Rb8 Ke5 1/2-1/2

[Event "4NCL 2023-24"]
[Site "England ENG"]
[Date "2023.11.11"]
[Round "1.4"]
[Board "7"]
[White "Boswell, Jacob Connor"]
[Black "Josse, Mark"]
[Result "1/2-1/2"]
[BlackTitle "CM"]
[WhiteElo "2254"]
[BlackElo "2153"]
[WhiteTeam "Cheddleton"]
[BlackTeam "Barnet Knights A"]
[WhiteFideId "427110"]
[BlackFideId "414476"]
[EventDate "2023.11.11"]

1. d4 d5 2. Nf3 Nf6 3. c4 e6 4. Bg5 Be7 5. Nc3 Nbd7 6. e3 h6 7. Bh4 O-O 8. Be2
c5 9. O-O dxc4 10. Bxc4 b6 11. a4 Bb7 12. a5 bxa5 13. Be2 Nd5 14. Bxe7 Nxe7 15.
dxc5 Nxc5 16. Qxd8 Rfxd8 17. Rxa5 Ne4 18. Rfa1 Nxc3 19. bxc3 a6 20. Kf1 Rac8 21.
R1a3 Rd6 22. Rb3 Bd5 23. Rba3 Rdc6 24. Bxa6 Bc4+ 25. Bxc4 Rxc4 26. Ra7 Ng6 27.
Rb7 Rxc3 28. Raa7 Rf8 29. h4 Rc1+ 30. Ke2 Rc2+ 31. Ke1 Rc5 32. Nd4 Re5 33. h5
Nf4 34. g3 Nxh5 35. Nc6 Rc5 36. Nd4 Re5 37. Nf3 Rc5 38. Nd4 1/2-1/2

[Event "4NCL 2023-24"]
[Site "England ENG"]
[Date "2023.11.11"]
[Round "1.4"]
[Board "8"]
[White "Willmoth, Robert F"]
[Black "Steil-Antoni, Fiona"]
[Result "1-0"]
[WhiteTitle "CM"]
[BlackTitle "WIM"]
[WhiteElo "2104"]
[BlackElo "2154"]
[WhiteTeam "Barnet Knights A"]
[BlackTeam "Cheddleton"]
[WhiteFideId "402540"]
[BlackFideId "4001249"]
[EventDate "2023.11.11"]

1. d4 d5 2. c4 e6 3. Nf3 Nf6 4. g3 Be7 5. Bg2 O-O 6. O-O c6 7. Nbd2 b6 8. b3 Bb7
9. Bb2 c5 10. e3 Nc6 11. Qe2 Rc8 12. Rfd1 Qc7 13. Rac1 Rfd8 14. dxc5 Bxc5 15.
Bxf6 gxf6 16. cxd5 exd5 17. Nd4 Kh8 18. N2f3 Qd7 19. Nxc6 Bxc6 20. Nd4 Bb7 21.
Qh5 Qe8 22. Bh3 Rc7 23. Qh4 Qe5 24. Bf5 Kg7 25. b4 Bxd4 26. Qxh7+ Kf8 27. exd4
Rxc1 28. Rxc1 Qxd4 29. Re1 1-0

[Event "4NCL 2023-24"]
[Site "England ENG"]
[Date "2023.11.11"]
[Round "1.5"]
[Board "1"]
[White "Grieve, Harry"]
[Black "Claridge-Hansen, William"]
[Result "1/2-1/2"]
[WhiteTitle "IM"]
[BlackTitle "FM"]
[WhiteElo "2470"]
[BlackElo "2366"]
[WhiteTeam "The Sharks 1"]
[BlackTeam "Oxford 1"]
[WhiteFideId "426520"]
[BlackFideId "422509"]
[EventDate "2023.11.11"]

1. e4 c5 2. Nf3 e6 3. d4 cxd4 4. Nxd4 Nf6 5. Nc3 Nc6 6. Nxc6 bxc6 7. e5 Nd5 8.
Ne4 Qc7 9. f4 Qb6 10. c4 Bb4+ 11. Ke2 f5 12. Nf2 Ba6 13. Kf3 Ne7 14. Be3 Bc5 15.
Bxc5 Qxc5 16. Qa4 Qb6 17. h4 Bb7 18. Qa3 c5+ 19. Kg3 Nc6 20. Rd1 Rc8 21. Rd6 Qb4
22. Qxb4 Nxb4 23. Be2 Rc7 24. a3 Nc2 25. Rc1 Nd4 26. Bd1 Nc6 27. Nd3 Nb8 28. b4
cxb4 29. axb4 Ke7 30. Kf2 Rhc8 31. Bb3 Be4 32. Nc5 Nc6 33. Na6 Rb7 34. Nc5 Rbc7
35. Na6 Rb7 36. Nc5 1/2-1/2

[Event "4NCL 2023-24"]
[Site "England ENG"]
[Date "2023.11.11"]
[Round "1.5"]
[Board "2"]
[White "Zakarian, David"]
[Black "Makkar, Rajat"]
[Result "0-1"]
[WhiteTitle "FM"]
[BlackTitle "FM"]
[WhiteElo "2293"]
[BlackElo "2434"]
[WhiteTeam "Oxford 1"]
[BlackTeam "The Sharks 1"]
[WhiteFideId "13301276"]
[BlackFideId "36016810"]
[EventDate "2023.11.11"]

1. e4 e5 2. f4 d5 3. exd5 exf4 4. Nf3 Nf6 5. Bc4 Nxd5 6. O-O Be6 7. Bb3 Bd6 8.
d4 O-O 9. c4 Ne3 10. Bxe3 fxe3 11. Nc3 c5 12. Ne4 cxd4 13. Nxd6 e2 14. Qxe2 Qxd6
15. Qe4 Nc6 16. Ng5 g6 17. Qh4 h5 18. Rf6 Ne5 19. Re1 d3 20. Qf4 Qc5+ 21. Kh1
Ng4 22. Ne4 Qa5 23. Rf1 Qe5 24. h3 Qxf4 25. R6xf4 Ne5 26. Re1 d2 27. Nf6+ Kg7
28. Rxe5 Rac8 29. Nd5 b5 30. Nc3 bxc4 31. Bc2 Rfd8 32. Nd1 Rb8 33. Re3 Rb5 34.
Kg1 g5 35. Rf2 Rd6 36. Kf1 h4 37. Ree2 c3 38. Nxc3 Bc4 39. Nd1 Re5 40. b3 Ba6
41. Nb2 Bxe2+ 42. Rxe2 Rf6+ 0-1

[Event "4NCL 2023-24"]
[Site "England ENG"]
[Date "2023.11.11"]
[Round "1.5"]
[Board "3"]
[White "Fernandez, Daniel Howard"]
[Black "Powierski, Emil"]
[Result "1-0"]
[WhiteTitle "GM"]
[WhiteElo "2532"]
[BlackElo "2288"]
[WhiteTeam "The Sharks 1"]
[BlackTeam "Oxford 1"]
[WhiteFideId "5801605"]
[BlackFideId "4656199"]
[EventDate "2023.11.11"]

1. d4 d5 2. g3 Nf6 3. Bg2 c5 4. Nf3 cxd4 5. O-O e6 6. b3 Bd6 7. Nxd4 a6 8. c4 e5
9. Nc2 d4 10. e3 dxe3 11. Nxe3 O-O 12. Ba3 Bxa3 13. Qxd8 Rxd8 14. Nxa3 Nc6 15.
Nac2 Be6 16. f4 exf4 17. gxf4 Rd2 18. Rad1 Rad8 19. Bxc6 bxc6 20. Nb4 Rxd1 21.
Rxd1 Rxd1+ 22. Nxd1 Nh5 23. Nxa6 Nxf4 24. Nc5 Bc8 25. a4 Ne6 26. Nxe6 fxe6 27.
Nf2 Kf7 28. Ne4 Ke7 29. Kf2 h6 30. Ke3 e5 31. a5 g5 32. b4 Ba6 33. Kd3 Bc8 34.
Nc5 Kd6 35. Ke4 h5 36. a6 Kc7 37. a7 Bb7 38. Kxe5 Kb6 39. Nxb7 Kxb7 40. Kf5 Kxa7
41. Kxg5 1-0

[Event "4NCL 2023-24"]
[Site "England ENG"]
[Date "2023.11.11"]
[Round "1.5"]
[Board "4"]
[White "Macfarlane, Donald"]
[Black "Rendle, Thomas E"]
[Result "1-0"]
[BlackTitle "IM"]
[WhiteElo "2184"]
[BlackElo "2378"]
[WhiteTeam "Oxford 1"]
[BlackTeam "The Sharks 1"]
[WhiteFideId "343402100"]
[BlackFideId "408760"]
[EventDate "2023.11.11"]

1. c4 c6 2. Nf3 d5 3. e3 Nf6 4. Nc3 e6 5. d4 Nbd7 6. Qc2 Bd6 7. e4 dxe4 8. Nxe4
Nxe4 9. Qxe4 Bb4+ 10. Bd2 Bxd2+ 11. Kxd2 O-O 12. Bd3 Nf6 13. Qh4 e5 14. Nxe5 c5
15. Rhe1 Qxd4 16. Qxd4 cxd4 17. Nf3 Rd8 18. Re7 b6 19. Ne5 Be6 20. Nc6 Rd7 21.
Rxd7 Bxd7 22. Nxd4 Rd8 23. Re1 Kf8 24. f3 Bh3 25. Nc6 Rd6 26. Nxa7 Bxg2 27. Nb5
Rd7 28. Re3 h5 29. Ke2 Bh3 30. Nc3 h4 31. Re5 Bg2 32. Bf5 Rd4 33. c5 bxc5 34.
Rxc5 Rf4 35. Be4 Nxe4 36. fxe4 Rf1 37. Nd5 f6 38. Ne3 Rb1 39. Nxg2 Rxb2+ 40. Kf3
h3 41. Ne3 Rxh2 42. Rc2 Rh1 43. Ng4 Rf1+ 44. Nf2 Ke7 45. Ke2 Ra1 46. Nxh3 f5 47.
exf5 Kf6 48. Ke3 Kxf5 49. Rg2 Rh1 50. Ng5 Rc1 51. Kd3 g6 52. Ne4 Ra1 53. Nc3 g5
54. a4 g4 55. Ra2 Rh1 56. a5 Rh8 57. a6 Ke6 58. a7 Ra8 59. Na4 g3 60. Ke3 g2 61.
Kf2 Kd6 62. Nb6 1-0

[Event "4NCL 2023-24"]
[Site "England ENG"]
[Date "2023.11.11"]
[Round "1.5"]
[Board "5"]
[White "Ghasi, Ameet K"]
[Black "Manley, Jon P"]
[Result "1-0"]
[WhiteTitle "IM"]
[WhiteElo "2485"]
[BlackElo "2167"]
[WhiteTeam "The Sharks 1"]
[BlackTeam "Oxford 1"]
[WhiteFideId "409200"]
[BlackFideId "403296"]
[EventDate "2023.11.11"]

1. b3 d5 2. Bb2 Nf6 3. Nf3 c6 4. g3 Bg4 5. Bg2 Nbd7 6. O-O e6 7. d3 Bd6 8. c4
O-O 9. Na3 Qe7 10. Nc2 a5 11. a3 Rfe8 12. Ne3 Bh5 13. cxd5 cxd5 14. Nd4 Rec8 15.
h3 Bc5 16. Ra2 Qd6 17. a4 Qb6 18. Nec2 Be7 19. g4 Bg6 20. f4 Nc5 21. Kh1 Nxb3
22. f5 exf5 23. Nxf5 Bxf5 24. Rxf5 Qe6 25. Bxf6 Bxf6 26. Bxd5 Qb6 27. Qb1 Rc3
28. Rb2 Nd2 29. Rxb6 Nxb1 30. Rxb1 Rxc2 31. g5 Bd4 32. Rxb7 Kh8 33. Rbxf7 Kg8
34. Rb7+ 1-0

[Event "4NCL 2023-24"]
[Site "England ENG"]
[Date "2023.11.11"]
[Round "1.5"]
[Board "6"]
[White "Cont, Arya"]
[Black "Slaby, Jerzy"]
[Result "0-1"]
[BlackTitle "IM"]
[WhiteElo "2062"]
[BlackElo "2469"]
[WhiteTeam "Oxford 1"]
[BlackTeam "The Sharks 1"]
[WhiteFideId "26100363"]
[BlackFideId "1121405"]
[EventDate "2023.11.11"]

1. Nf3 g6 2. g3 Bg7 3. c4 d6 4. Bg2 e5 5. d3 f5 6. Nc3 Nf6 7. O-O O-O 8. Bd2 h6
9. Ne1 g5 10. f4 exf4 11. gxf4 g4 12. e4 Nc6 13. Nc2 h5 14. Ne3 Nd4 15. Be1 Nh7
16. Ne2 c6 17. Bc3 Qb6 18. Kh1 Bd7 19. Ng3 h4 20. Bxd4 Qxd4 21. Ngxf5 Bxf5 22.
Nxf5 Rxf5 23. exf5 h3 24. Bxc6 bxc6 25. Qxg4 Qxd3 26. Rf3 Qxc4 27. Rg1 Qf7 28.
Rfg3 Qd5+ 29. Rf3 Qf7 30. Qxh3 Rf8 31. Rfg3 Qd5+ 32. Qg2 Qxg2+ 33. R1xg2 Rf7 34.
Rg6 Nf6 35. h4 Kh7 36. Re2 Nh5 37. Rxd6 Ng3+ 0-1

[Event "4NCL 2023-24"]
[Site "England ENG"]
[Date "2023.11.11"]
[Round "1.5"]
[Board "7"]
[White "Moreby, James"]
[Black "Arora, Tashika"]
[Result "1-0"]
[WhiteTitle "FM"]
[WhiteElo "2260"]
[BlackElo "1934"]
[WhiteTeam "The Sharks 1"]
[BlackTeam "Oxford 1"]
[WhiteFideId "427756"]
[BlackFideId "459305"]
[EventDate "2023.11.11"]

1. c4 Nf6 2. Nc3 e6 3. e4 d5 4. e5 d4 5. exf6 dxc3 6. bxc3 Qxf6 7. Nf3 b6 8. d4
Bb7 9. Bd3 h6 10. Qe2 Nd7 11. Be4 c6 12. a4 Bd6 13. a5 Rb8 14. axb6 axb6 15. Ra7
O-O 16. O-O Rfc8 17. Rd1 Qe7 18. Bc2 Nf6 19. Be3 Ra8 20. Rda1 c5 21. Rxa8 Rxa8
22. Rxa8+ Bxa8 23. Nd2 Qa7 24. Nb3 Qc7 25. h3 Bb7 26. Nd2 Ba6 27. Qd3 Kf8 28.
Ba4 Ke7 29. f3 Nd5 30. Bf2 f5 31. dxc5 bxc5 32. Bb5 Nf4 33. Qe3 Bxb5 34. cxb5
Nd5 35. Qd3 Qa5 36. c4 Nf4 37. Qc2 Qa1+ 38. Nf1 g5 39. h4 Kd7 40. hxg5 hxg5 41.
Qd2 Ke7 42. Be3 Qh8 43. Qa2 Kf6 44. b6 Qb8 45. Qb2+ Kg6 46. Qb5 Ne2+ 47. Kf2 Ng3
48. Bxc5 Bxc5+ 49. Qxc5 Nxf1 50. Kxf1 Qh8 51. Qf2 Qh1+ 52. Ke2 Qa1 53. Kd3 Qd1+
54. Kc3 Qa1+ 55. Kb4 Qb1+ 56. Ka5 Qa1+ 57. Kb5 Qc3 58. Qc5 Qb3+ 59. Qb4 Qd3 60.
b7 Qd7+ 61. Ka6 Qc6+ 62. Ka7 Qd7 63. Ka8 Qc6 64. Qb5 1-0

[Event "4NCL 2023-24"]
[Site "England ENG"]
[Date "2023.11.11"]
[Round "1.5"]
[Board "8"]
[White "Zakarian, Dimitrios Levon"]
[Black "Hryshchenko, Kamila"]
[Result "0-1"]
[WhiteElo "1966"]
[BlackElo "2186"]
[WhiteTeam "Oxford 1"]
[BlackTeam "The Sharks 1"]
[WhiteFideId "453080"]
[BlackFideId "14147491"]
[EventDate "2023.11.11"]

1. d4 d6 2. c4 g6 3. Nc3 Bg7 4. e4 a6 5. Nf3 Bg4 6. Be2 Nc6 7. d5 Bxf3 8. Bxf3
Ne5 9. Be2 Nf6 10. O-O c6 11. f4 Qb6+ 12. Kh1 Ned7 13. Bd3 O-O 14. Qe2 Qc7 15.
Bd2 Rab8 16. Rae1 Nc5 17. Bb1 cxd5 18. cxd5 b5 19. b4 Ncd7 20. e5 Ne8 21. e6 Nb6
22. exf7+ Rxf7 23. f5 g5 24. Ne4 h6 25. Bxg5 Nxd5 26. Qd2 Qc4 27. Bxh6 Nc3 28.
Bd3 Qd4 29. Bxg7 Nxe4 30. Rxe4 Qxg7 31. Bc2 d5 32. Re3 Kf8 33. Qxd5 Nf6 34. Qf3
Ng4 35. Re6 Nf6 36. Bb3 Qg5 37. Rxa6 Rh7 38. Ra8 Rxa8 39. Qxa8+ Kg7 40. Qf3 Rh4
41. h3 Ne4 42. Kg1 Nd2 43. Qc3+ Kh7 44. Re1 Rd4 45. Bc2 Rc4 46. Qd3 Rxc2 47.
Qxc2 Nf3+ 48. Kf2 Qxg2+ 0-1

[Event "4NCL 2023-24"]
[Site "England ENG"]
[Date "2023.11.11"]
[Round "1.6"]
[Board "1"]
[White "Waldhausen Gordon, Frederick"]
[Black "Kilpatrick, Callum"]
[Result "1/2-1/2"]
[WhiteTitle "FM"]
[BlackTitle "IM"]
[WhiteElo "2376"]
[BlackElo "2385"]
[WhiteTeam "Alba"]
[BlackTeam "Celtic Tigers 1"]
[WhiteFideId "2409143"]
[BlackFideId "414425"]
[EventDate "2023.11.11"]

1. e4 e5 2. Nf3 Nc6 3. Bc4 Nf6 4. Ng5 d5 5. exd5 Na5 6. Bb5+ Bd7 7. Qe2 Be7 8.
Nf3 Nxd5 9. Nxe5 Bxb5 10. Qxb5+ c6 11. Qe2 O-O 12. O-O Bd6 13. Nd3 c5 14. Nc3
Nf6 15. b3 Re8 16. Qd1 a6 17. Ba3 Qc7 18. g3 b5 19. b4 c4 20. Nf4 Bxf4 21. bxa5
Qxa5 22. Bb2 Be5 23. Qf3 Rad8 24. Rfe1 Rxd2 25. Ne4 Rxc2 26. Bxe5 Rxe5 27. Nxf6+
gxf6 28. Rxe5 fxe5 29. Qa8+ Kg7 30. Qe4 Qc3 31. Qg4+ Kf8 32. Qc8+ Kg7 33. Qg4+
Kf8 34. Qc8+ Ke7 35. Qc7+ Ke6 36. Qc6+ Ke7 37. Qc7+ Ke6 38. Qc8+ Kf6 39. Qd8+
Kf5 40. Qd7+ Kf6 41. Qd8+ Kf5 42. Qd7+ Kg6 43. Qg4+ Kf6 44. Rd1 Rd2 45. Qh4+ Kg6
46. Qg4+ Kf6 47. Qh4+ Kg6 48. Qg4+ 1/2-1/2

[Event "4NCL 2023-24"]
[Site "England ENG"]
[Date "2023.11.11"]
[Round "1.6"]
[Board "2"]
[White "Gallana, Marco"]
[Black "Olson, Hamish"]
[Result "1/2-1/2"]
[BlackTitle "FM"]
[WhiteElo "2258"]
[BlackElo "2359"]
[WhiteTeam "Celtic Tigers 1"]
[BlackTeam "Alba"]
[WhiteFideId "824542"]
[BlackFideId "2404257"]
[EventDate "2023.11.11"]

1. c4 e5 2. Nc3 Nf6 3. Nf3 Nc6 4. e3 g6 5. d4 d6 6. Be2 Bg7 7. dxe5 Nxe5 8. Nxe5
dxe5 9. Qxd8+ Kxd8 10. b3 c6 11. Ba3 Bf8 12. O-O-O+ Ke8 13. Bb2 Be6 14. f4 Bc5
15. fxe5 Bxe3+ 16. Kb1 Ng4 17. Ne4 Nf2 18. Nxf2 Bxf2 19. h3 Bc5 20. Bc1 h6 21.
Bg4 Be7 22. Kc2 Rd8 23. Rxd8+ Kxd8 24. Bxe6 fxe6 25. Rf1 Ke8 26. Kd3 Rf8 27.
Rxf8+ Bxf8 28. Be3 a6 29. a4 b5 30. Bb6 bxa4 31. bxa4 h5 32. Kd4 Ba3 33. Bc5
Bb2+ 34. Ke4 Bc1 35. g4 hxg4 36. hxg4 Bb2 37. Bd4 Bc1 38. Bc5 Bb2 39. Bd4 Bc1
40. Be3 Ba3 1/2-1/2